The triple bottom line : How today's best-run companies are achieving economic, social, and environmental success--and how you can too

The classic guide to sustainability strategy and implementation--updated for today's businesses To ensure business success, companies must embrace sustainable management. Firms need to find the overlap between business interests and the interests of society and the environment before they can s...

Volledige beschrijving

Bewaard in:
Bibliografische gegevens
Hoofdauteur: Savitz, Andrew W.
Formaat: Boek
Taal:Undetermined
Gepubliceerd in: San Francisco, CA Jossey-Bass 2014
Onderwerpen:
Tags: Voeg label toe
Geen labels, Wees de eerste die dit record labelt!
Thư viện lưu trữ: Trung tâm Học liệu Trường Đại học Cần Thơ
LEADER 01020nam a2200217Ia 4500
001 CTU_206926
008 210402s9999 xx 000 0 und d
020 |c 13.93 
082 |a 658.408 
082 |b S267 
100 |a Savitz, Andrew W. 
245 4 |a The triple bottom line : 
245 0 |b How today's best-run companies are achieving economic, social, and environmental success--and how you can too 
245 0 |c Andrew W. Savitz, with Karl Weber 
260 |a San Francisco, CA 
260 |b Jossey-Bass 
260 |c 2014 
520 |a The classic guide to sustainability strategy and implementation--updated for today's businesses To ensure business success, companies must embrace sustainable management. Firms need to find the overlap between business interests and the interests of society and the environment before they can secure a lasting competitive edge 
650 |a Success in business,Thành công trong kinh doanh 
904 |i Hải 
980 |a Trung tâm Học liệu Trường Đại học Cần Thơ